Obecná psychologie /

Hlavní autor: Paulík, Karel, 1949-
Další autoři: Nevřala, Jan
Jazyk: Čeština
Vydáno: Ostrava : Pedagogická fakulta, 1984
Vydání: 1. vyd.
Témata:
Fyzický popis: 190 s.
Knihy
Uloženo v:
LEADER 00878nam a22002532a 4500
001 000037728
003 CZ BrMZK
005 20070525095200.0
007 ta
008 010907s1984 xr f cze d
040 |a BOA001  |b cze 
080 9 |a 159.9(075.8):378.637 
100 1 |a Paulík, Karel,  |d 1949-  |7 jo20000074604  |4 aut 
245 1 0 |a Obecná psychologie /  |c Karel Paulík, Jan Nevřala 
250 |a 1. vyd. 
260 |a Ostrava :  |b Pedagogická fakulta,  |c 1984 
300 |a 190 s. 
700 1 |a Nevřala, Jan  |7 mzk2003181344  |4 aut 
910 |a BOA001  |b PK-0100.665  |b 2-0895.222 
920 |a 000097754 
964 |a Psychologie - učebnice - školy vysoké 
990 |a BK 
996 7 |b 2619987108  |c 2-0895.222  |l MZK  |r Sklad / do 1 hodiny  |n 30  |w 000037728  |u 000020  |a 1  |e BOA001  |j MZK50  |s A 
996 7 |b 3119995542  |c PK-0100.665  |l MZK  |r Sklad / do 1 hodiny  |n 22  |w 000037728  |u 000010  |a 1  |e BOA001  |j MZK50  |s A